<?xml version="1.0" encoding="UTF-8"?>
<collection xmlns:xsi="http://www.w3.org/2001/XMLSchema-instance" xsi:schemaLocation="http://www.loc.gov/MARC21/slim http://www.loc.gov/standards/marcxml/schema/MARC21slim.xsd" xmlns="http://www.loc.gov/MARC21/slim">
 <record>
  <leader>00000cam a22000004i 4500</leader>
  <controlfield tag="001">UP-1685594773861787255</controlfield>
  <controlfield tag="003">Buklod</controlfield>
  <controlfield tag="005">20100827090556.0</controlfield>
  <controlfield tag="006">j|||||||||||||| | </controlfield>
  <controlfield tag="007">s| |||||||||||</controlfield>
  <controlfield tag="008">160220s2009    xx ab   rb   |||0 s|eng d</controlfield>
  <datafield tag="022" ind1=" " ind2=" ">
   <subfield code="a">2094-5159</subfield>
  </datafield>
  <datafield tag="035" ind1=" " ind2=" ">
   <subfield code="a">(iLib)UPBAG-00007725916</subfield>
  </datafield>
  <datafield tag="040" ind1=" " ind2=" ">
   <subfield code="d">BAG</subfield>
   <subfield code="e">rda</subfield>
  </datafield>
  <datafield tag="041" ind1="0" ind2=" ">
   <subfield code="a">eng</subfield>
  </datafield>
  <datafield tag="090" ind1=" " ind2=" ">
   <subfield code="a">DS 689 M24</subfield>
   <subfield code="b">M34 2009</subfield>
  </datafield>
  <datafield tag="111" ind1="1" ind2=" ">
   <subfield code="a">Manila Studies Conference</subfield>
   <subfield code="n">(18th</subfield>
   <subfield code="d">2009</subfield>
   <subfield code="c">Manila)</subfield>
  </datafield>
  <datafield tag="245" ind1="1" ind2="0">
   <subfield code="a">Manila</subfield>
   <subfield code="b">selected papers of the 18th Annual Manila Studies Conference, August 23-24, 2009</subfield>
   <subfield code="c">Lorelei D.C. de Viana, editor.</subfield>
  </datafield>
  <datafield tag="246" ind1="1" ind2=" ">
   <subfield code="a">Selected papers of the 18th annual Manila Studies Conference, August 23-24, 2009.</subfield>
  </datafield>
  <datafield tag="264" ind1=" " ind2="1">
   <subfield code="a">Quezon City</subfield>
   <subfield code="b">Manila Studies Association</subfield>
   <subfield code="c">©2009.</subfield>
  </datafield>
  <datafield tag="300" ind1=" " ind2=" ">
   <subfield code="a">viii, 209 pages</subfield>
   <subfield code="b">illustrations, maps</subfield>
   <subfield code="c">23 cm</subfield>
  </datafield>
  <datafield tag="504" ind1=" " ind2=" ">
   <subfield code="a">Includes bibliographical references.</subfield>
  </datafield>
  <datafield tag="505" ind1="0" ind2=" ">
   <subfield code="a">Archaeological excavation at the Iglesia de San Ignacio site, Intramuos, Manila /Angel P. Bautista and Mae Karla C. Dalumpines -- The reconstruction of the second monastery of San Agustin, Intramuros, Manila /Demetri C. Alcaraz, Jr. -- Remembering Ladislao Bonus (1854-1908): the father of Filipino opera /Fernando A. SAntiago, Jr. -- ßandugong Panaguinip (1902): the first tagalog oprea /Genesis C. Rivera -- Beyond a reified view of old UP buildings /Celia M. Bonilla -- Sabel of Bambang and other allegories in Philippine contemporary art /Pattrick D. Flores -- Tundo, 1946-2000: sosyo-ekonomikong sulyap sa isang makasaysayang distrito /Gil G. Gotiangco, Jr. II -- :Sources said...: - the Philippine press law and the media's right to protect news sources (a historical perspective) /Jose Victor Z. Torres -- The contributors -- Manila Studies Association: brief history and publications -- Manila Studies Association: board of trustees.</subfield>
  </datafield>
  <datafield tag="546" ind1=" " ind2=" ">
   <subfield code="a">In English, and two articles in Tagalog.</subfield>
  </datafield>
  <datafield tag="651" ind1=" " ind2="0">
   <subfield code="a">Manila</subfield>
   <subfield code="v">Congresses.</subfield>
  </datafield>
  <datafield tag="700" ind1="1" ind2=" ">
   <subfield code="a">de Viana, Lorelei D.C.</subfield>
   <subfield code="e">editor.</subfield>
  </datafield>
  <datafield tag="710" ind1="1" ind2=" ">
   <subfield code="a">Manila Studies Association.</subfield>
  </datafield>
  <datafield tag="710" ind1="1" ind2=" ">
   <subfield code="a">National Commission for Culture and the Arts. Committee on Historical Research.</subfield>
  </datafield>
  <datafield tag="905" ind1=" " ind2=" ">
   <subfield code="a">FI</subfield>
  </datafield>
  <datafield tag="852" ind1="0" ind2=" ">
   <subfield code="a">UPBAG</subfield>
   <subfield code="b">UPBAG-MAIN</subfield>
   <subfield code="h">DS 689 M24 M34 2009</subfield>
  </datafield>
  <datafield tag="942" ind1=" " ind2=" ">
   <subfield code="a">Book</subfield>
  </datafield>
 </record>
</collection>
